01285agaaa2200265 45000010005000000030009000050050017000140070009000310080040000400400023000800410013001031000051001161300071001672450245002382500022004832600109005053000033006145080091006475110036007385200081007745380016008555460013008716500072008847000063009562411IT-RoPAU20220918181308.0d cvaizq50131s9999||||xx ||| | || ||und|| aIT-RoPAUcIT-RoPAU aITALIANO aMarinoni NazarenogCodice regista SPICS: 37873 aCON LA FORZA DELLO SPIRITO SANTO-UN PROGETTO DA REALIZZARE INSIEME aCON LA FORZA DELLO SPIRITO SANTO-UN PROGETTO DA REALIZZARE INSIEMEcSceneggiatura: Marinoni Nazareno -- Diretto da: Marinoni NazarenopCON LA FORZA DELLO SPIRITO SANTO-UN PROGETTO DA REALIZZARE INSIEME (Rif. Codice opera principale : B2411) aEdizione Standard a(ITALIA)bELLE DI CI - ISG - MESSAGGERO DI S.ANTONIO / g"1992 (1° ed.: 1992 ; Ed. Lingua Orig.: 1992)" aVHSbsonoro, col.c28 minuti a"Fotografia: Sanga Gianni; Montaggio: Molini Hugo; Sceneggiatura: Marinoni Nazareno; " a"Falco Mirella; Quilico Gianni" aVIDEOCATECHESI SU UN CAPITOLO DEL CATECHISMO SARETE MIEI TESTIMONI: L'ISOLA. aPAL, STEREO aITALIANO aDIDATTICOeTV-PROGRAMMI RELIGIOSI [VHS]xCodice MATERIA SPICS: 9963 aMarinoni Nazareno e(regista)gCodice regista SPICS: 37873